| 000 | 00868nam a22002537a 4500 | ||
|---|---|---|---|
| 005 | 20170123162336.0 | ||
| 010 | _a978546 | ||
| 020 | _c36.00 | ||
| 035 | _a978546 | ||
| 037 | _bCen Lib/Ret | ||
| 040 |
_aDPL _bUR |
||
| 082 |
_a841.08 _bا ق ب |
||
| 100 |
_aحاتم رامپوری _9139051 |
||
| 245 |
_aتصوّر بشر اور اقبال کا مرد مومن / _cحاتم رامپوری |
||
| 246 |
_aTasawwur bashar ar iqbal ka mard momin / _bby Hatim Rampuri |
||
| 260 |
_bلیکچر رشب اردو _aمظفر پر _c1979 |
||
| 270 |
_bمظفر پر _aبہار یونیورسٹی |
||
| 300 |
_a567p. _c21cm(Hb) |
||
| 650 |
_aادب -- اردو _9139052 |
||
| 650 |
_aاردو سوانے عمری _9139053 |
||
| 650 |
_aLiterature -- urdu _9139054 |
||
| 650 |
_aurdu biography _9511 |
||
| 942 |
_2ddc _cUR _h841.08 _mا ق ب |
||
| 999 |
_c108170 _d108170 |
||